• 首页
  • 本馆介绍
  • 公告通知
  • 最新文献
  • 馆藏检索
  • 电子资源
  • 读者导购
  • 参考咨询
  • 我的图书馆
  • 登录
  • 详细信息显示
  • 放入我的书架
  • 预约/预借图书
  • 作者相关作品
  • 分类相关作品
  • 丛书相关作品
  • 出版社相关作品

书目信息

  • 表格格式
  • 工作单格式
  • 卡片格式
题名:
电气工程及自动化
    
 
作者: 杨慧超 , 牟建 , 王强 主编
分册:  
出版信息: 长春   吉林科学技术出版社  2021.6
页数: 231页
开本: 26cm
丛书名:
单 册:
中图分类: TM , TP2
科图分类:
主题词: 电工技术 , 自动化技术
电子资源:
ISBN: 978-7-5578-7512-1
000 00890nam0 2200277 45
001 012001002106
005 20211013153718.30
010    @a978-7-5578-7512-1@dCNY60.00
100    @a20210122d2020 em y0chiy50 ea
101 0  @achi
102    @aCN@b220000
105    @ay z 000yy
106    @ar
200 1  @a电气工程及自动化@b专著@f杨慧超,牟建,王强主编@Adian qi gong cheng ji zi dong hua
210    @a长春@c吉林科学技术出版社@d2021.6
215    @a231页@d26cm
330    @a本书分九章,内容包括:电力系统设备、电气主接线、电气自动控制、自动控制技术的应用、电力电子的应用、电力系统的继电保护、电力系统异常等。
606 0  @a电工技术
606 0  @a自动化技术
690    @aTM@v5
690    @aTP2@v5
701  0 @a杨慧超@4主编@Ayang hui chao
701  0 @a牟建@4主编@Amou jian
701  0 @a王强@4主编@Awang qiang
801  0 @aCN@bBJSDL@c20211011
905    @b1338461-4@dTM@e108@f4
    
    电气工程及自动化/杨慧超,牟建,王强主编.-长春:吉林科学技术出版社,2021.6
    231页;26cm
    
    
    ISBN 978-7-5578-7512-1:CNY60.00
    本书分九章,内容包括:电力系统设备、电气主接线、电气自动控制、自动控制技术的应用、电力电子的应用、电力系统的继电保护、电力系统异常等。
●
相关链接 在E读中查询图书 在五车中查询图书 在当当中查询图书 在豆瓣中查询图书


正题名:电气工程及自动化     索取号:TM/108         预约/预借

序号 登录号 条形码 馆藏地/架位号 状态 备注
1 1338461   213384611   第二样本阅览室/ [索取号:TM/108] 在馆    
2 1338462   213384620   第三借阅区/ [索取号:TM/108] 在馆    
3 1338463   213384639   第三借阅区/ [索取号:TM/108] 在馆    
4 1338464   213384648   第三借阅区/ [索取号:TM/108] 在馆    
唐山师范学院图书馆 欢迎您!
大连网信软件有限公司© 版权所有